Größte Mineralwassermarken Österreichs - Statistiken

Allgemein
  • Dieses Quiz wurde 20 mal gespielt
  • Das Durchschnittsergebnis liegt bei 3 aus 10
Antwortstatistiken
Rang Mineralwassermarke Marktanteil % Korrekt
1 Römerquelle 37%
94%
2 Vöslauer 34%
75%
3 Waldquelle 19%
69%
5 Frankenmarkter 4%
38%
4 Gasteiner 7%
31%
7 Juvina 3%
13%
9 Montes 1,5%
13%
6 Astoria 3%
6%
10 Evian 1,2%
0%
8 Paterquelle 2%
0%
Keine übereinstimmenden Quizze gefunden
Verteilung der Resultate
Anzahl Personen mit jedem Resultat
Perzentil nach korrekt beantworteten Fragen
Ihre Resultats-Entwicklung
Sie haben dieses Quiz noch nicht gespielt